|
|
|
|
| LEADER |
01301nam a2200349 a 4500 |
| 001 |
37504 |
| 003 |
BD-DhAAL |
| 005 |
20220113114329.0 |
| 008 |
210613s20171991enkab b 000 0 eng |
| 999 |
|
|
|c 43236
|d 43236
|
| 010 |
|
|
|a 99158580
|
| 020 |
|
|
|a 9788175960701
|
| 020 |
|
|
|a 0521637643 (pbk.)
|
| 040 |
|
|
|a DLC
|c DLC
|d DLC
|d BD-DhAAL
|
| 043 |
|
|
|a a-ii---
|
| 050 |
0 |
0 |
|a DS436
|b .N47 1987 pt. 2, vol. 3, 1998
|a DS485.P3
|
| 082 |
0 |
0 |
|a 954.500882946
|2 21
|
| 100 |
1 |
|
|a Grewal, J. S.
|9 41080
|
| 245 |
1 |
4 |
|a The Sikhs of the Punjab /
|c J.S. Grewal.
|
| 250 |
|
|
|a Second edition
|
| 260 |
|
|
|a Cambridge [England] ;
|a New York :
|b Cambridge University Press,
|c 1991 [Reprint 2017]
|
| 300 |
|
|
|a xxv, 277 pages :
|b illustrations, maps ;
|c 23 cm.
|
| 490 |
|
|
|a The New Cambridge history of India ;
|v II, 3
|
| 504 |
|
|
|a Includes bibliographical references (p. 246-254) and index.
|
| 526 |
|
|
|a RS
|
| 541 |
|
|
|a Karim International
|e 37504
|
| 590 |
|
|
|a In English.
|
| 650 |
|
0 |
|a Sikhs
|x History.
|9 41081
|
| 651 |
|
0 |
|a Punjab (India)
|x History.
|9 41082
|
| 852 |
|
|
|a Savar Campus Library
|c General Stacks
|
| 942 |
|
|
|2 ddc
|c BK
|
| 952 |
|
|
|0 0
|1 0
|2 ddc
|4 0
|6 954_500882946000000_GRE
|7 0
|9 69333
|a SCL
|b SCL
|c GEN
|d 2021-03-25
|e Karim International
|g 990.00
|l 0
|o 954.500882946 GRE
|p 3020037504
|r 2021-03-25
|t 1
|v 990.00
|w 2021-03-25
|y BK
|